Barrios de Getafe - Estadísticas

Estadísticas generales
  • Esta prueba ha sido intentada 114 veces
  • La puntuación promedio es 5 de 11
Answers on the Grid
Answers color-coded by a green-red scale on the quiz's grid according to % correct below.
Sector 3
Perales del Río
Buenavista
Carrascal
Centro
Juan de la cierva
La Alhóndiga
San Isidro
Loranca
Las Margaritas
Getafe Norte
Los Espartales
El Casar
Los Molinos
El Bercial
Arroyo Culebro
Alonso de Mendoza
Getafe Este
Getafe Industrial
 
Estadísticas de respuestas
Respuesta % Correcto
Sector 3
83%
La Alhóndiga
57%
Juan de la cierva
52%
Perales del Río
52%
Las Margaritas
43%
El Bercial
39%
Centro
37%
Getafe Norte
37%
Buenavista
35%
San Isidro
30%
Los Molinos
20%
No se encontraron pruebas coincidentes
Distribución de puntuación
Porcentaje de gente con cada puntuación
Porcentaje por número respondido
Historial de tus puntuaciones
No has intentado esta prueba.